The satthianadhan family album (Record no. 152489)

MARC details
000 -LEADER
fixed length control field 00647nam a22002177a 4500
003 - CONTROL NUMBER IDENTIFIER
control field dpl
005 - DATE AND TIME OF LATEST TRANSACTION
control field 20180601141858.0
008 - FIXED-LENGTH DATA ELEMENTS--GENERAL INFORMATION
fixed length control field 180601b xxu||||| |||| 00| 0 eng d
010 ## - LIBRARY OF CONGRESS CONTROL NUMBER
LC control number B-159606
020 ## - INTERNATIONAL STANDARD BOOK NUMBER
International Standard Book Number 8126021276
Terms of availability 75.00
035 ## - SYSTEM CONTROL NUMBER
System control number B-159606
037 ## - SOURCE OF ACQUISITION
Source of stock number/acquisition DBAD / PUB
040 ## - CATALOGING SOURCE
Transcribing agency 0
082 14 - DEWEY DECIMAL CLASSIFICATION NUMBER
Classification number 880.0
245 1# - TITLE STATEMENT
Title The satthianadhan family album
Statement of responsibility, etc edited by Eunice de souza
260 ## - PUBLICATION, DISTRIBUTION, ETC. (IMPRINT)
Place of publication, distribution, etc New Delhi
Name of publisher, distributor, etc SAHITYA AKADEMI
Date of publication, distribution, etc 2005
270 ## - ADDRESS
Address Rabindra bhavan, 35, ferozeshah road,
City New Delhi
Postal code 110001
300 ## - PHYSICAL DESCRIPTION
Extent xiii, 171p.
Dimensions 20 cm. (pb)
500 ## - GENERAL NOTE
General note Includes index. and bibliography reference
942 ## - ADDED ENTRY ELEMENTS (KOHA)
Institution code [OBSOLETE] dpl
Koha item type English Books
Call number prefix 880.8/THE
Source of classification or shelving scheme Dewey Decimal Classification
Holdings
Withdrawn status Lost status Source of classification or shelving scheme Damaged status Not for loan Collection code Home library Current library Date acquired Source of acquisition Cost, normal purchase price Total Checkouts Total Renewals Barcode Date last seen Date checked out Cost, replacement price Price effective from Koha item type
    Dewey Decimal Classification     Non-fiction Shahdara Branch Shahdara Branch 01/06/2018 BPPD/PUB 75.00 1 1 B-159606 06/10/2021 29/09/2021 75.00 01/06/2018 English Books

© Delhi Public Library
Hit Counter
free hit counter